[Event "Talca Bobby Fischer"]
[Site "Talca"]
[Date "2019.05.27"]
[Round "7.2"]
[White "Bustos Castro, Ricardo"]
[Black "Andaur Vega, Claudio Alejandro"]
[Result "1/2-1/2"]
[WhiteElo "1717"]
[BlackElo "2033"]
[PlyCount "58"]
[EventDate "2019.04.15"]
[EventType "tourn"]
[EventRounds "9"]
[EventCountry "CHI"]
[SourceTitle "EXT 2024"]
[Source "ChessBase"]
[SourceDate "2023.10.10"]
[SourceVersion "1"]
[SourceVersionDate "2023.10.10"]
[SourceQuality "1"]

1. Nf3 Nf6 2. g3 b5 3. Bg2 Bb7 4. b3 d6 5. Bb2 Nbd7 6. d3 e6 7. e4 Be7 8. 0-0 0-0 9. Nbd2 c5 10. Re1 Rc8 11. c4 a6 12. Qc2 Qb6 13. e5 dxe5 14. Nxe5 Bxg2 15. Kxg2 Nxe5 16. Bxe5 Qc6+ 17. f3 Ng4 18. Bb2 Rfd8 19. Ne4 Nf6 20. Qe2 Nxe4 21. dxe4 Rd7 22. Rad1 Rcd8 23. Rxd7 Qxd7 24. Kf2 Kf8 25. f4 Qd2 26. Qxd2 Rxd2+ 27. Re2 Rd3 28. Re3 Rd1 29. Re1 Rd2+ 1/2-1/2

[Event "Talca Bobby Fischer"]
[Site "Talca"]
[Date "2019.05.20"]
[Round "6.4"]
[White "Pinilla Gaete, Patricio Eduardo"]
[Black "Bustos Castro, Ricardo"]
[Result "1-0"]
[WhiteElo "2142"]
[BlackElo "1717"]
[PlyCount "47"]
[EventDate "2019.04.15"]
[EventType "tourn"]
[EventRounds "9"]
[EventCountry "CHI"]
[SourceTitle "EXT 2024"]
[Source "ChessBase"]
[SourceDate "2023.10.10"]
[SourceVersion "1"]
[SourceVersionDate "2023.10.10"]
[SourceQuality "1"]

1. e4 c5 2. Nf3 Nc6 3. d4 cxd4 4. Nxd4 d6 5. c4 g6 6. Nc3 Bg7 7. Be3 a6 8. Be2 Bd7 9. 0-0 h5 10. Nd5 e5 11. Nxc6 Bxc6 12. Bb6 Qb8 13. Nc7+ Ke7 14. c5 d5 15. exd5 Bd7 16. c6 bxc6 17. Bc5+ Kd8 18. dxc6 Nf6 19. Nxa8 Qxa8 20. cxd7 Nxd7 21. Bf3 e4 22. Bxe4 Qxe4 23. Bb6+ Kc8 24. Qc1+ 1-0

[Event "Talca Bobby Fischer"]
[Site "Talca"]
[Date "2019.05.13"]
[Round "5.3"]
[White "Bustos Castro, Ricardo"]
[Black "Gonzalez Hernandez, Rodrigo Alons"]
[Result "1-0"]
[WhiteElo "1717"]
[BlackElo "1252"]
[PlyCount "67"]
[EventDate "2019.04.15"]
[EventType "tourn"]
[EventRounds "9"]
[EventCountry "CHI"]
[SourceTitle "EXT 2024"]
[Source "ChessBase"]
[SourceDate "2023.10.10"]
[SourceVersion "1"]
[SourceVersionDate "2023.10.10"]
[SourceQuality "1"]

1. e4 e6 2. d4 d5 3. Nc3 c5 4. exd5 exd5 5. Bb5+ Nc6 6. Nf3 Nf6 7. 0-0 Be6 8. Bg5 Be7 9. Ne5 Qd6 10. Bf4 0-0 11. Ng6 Qd7 12. Nxf8 Rxf8 13. dxc5 Bxc5 14. h3 a6 15. Bd3 Nb4 16. Qf3 Nxd3 17. cxd3 b5 18. Be5 Be7 19. a3 d4 20. Ne4 Nxe4 21. Qxe4 Bf5 22. Qxd4 Qe6 23. Rfe1 Qg6 24. Bg3 Bf6 25. Qb4 Bxd3 26. Rad1 Bc4 27. Bd6 Be6 28. Rxe6 fxe6 29. Bxf8 Qc2 30. Re1 Bxb2 31. Rxe6 Qd1+ 32. Kh2 Bf6 33. Rxf6 gxf6 34. Qe7 1-0

[Event "Talca Bobby Fischer"]
[Site "Talca"]
[Date "2019.04.15"]
[Round "1.5"]
[White "Bustos Castro, Ricardo"]
[Black "Urrutia Gonzalez, Carlos Eduardo"]
[Result "1/2-1/2"]
[WhiteElo "1717"]
[BlackElo "1640"]
[PlyCount "121"]
[EventDate "2019.04.15"]
[EventType "tourn"]
[EventRounds "9"]
[EventCountry "CHI"]
[SourceTitle "EXT 2024"]
[Source "ChessBase"]
[SourceDate "2023.10.10"]
[SourceVersion "1"]
[SourceVersionDate "2023.10.10"]
[SourceQuality "1"]

1. e4 c5 2. Nf3 Nc6 3. d4 cxd4 4. Nxd4 e5 5. Nf3 a6 6. Bc4 h6 7. 0-0 Nf6 8. a3 Be7 9. Nc3 0-0 10. h3 d6 11. Be3 Be6 12. Qe2 Rc8 13. Bd3 Ne8 14. Nd5 f5 15. Bb6 Qd7 16. Nxe7+ Nxe7 17. Rad1 Ng6 18. exf5 Bxf5 19. Bxf5 Qxf5 20. Be3 Rxc2 21. Rd2 Rc6 22. Rfd1 Rf7 23. Nh2 Rfc7 24. Ng4 Kh7 25. f3 Rc1 26. Rxc1 Rxc1+ 27. Rd1 Rb1 28. Nf2 d5 29. g4 Rxd1+ 30. Qxd1 Qe6 31. Qc2 Qc6 32. Qxc6 bxc6 33. Kg2 Nd6 34. b3 Nh4+ 35. Kg3 g5 36. a4 Kg6 37. Bc5 Nb7 38. b4 a5 39. Nd3 Nxf3 40. bxa5 Nxa5 41. Bb6 Nc4 42. a5 Nxa5 43. Bxa5 e4 44. Nb4 Ne5 45. Bc7 Kf6 46. Bxe5+ Kxe5 47. Nxc6+ Kd6 48. Nd4 Kc5 49. Nf5 d4 50. Kf2 Kc4 51. Ke2 Kc3 52. Kd1 d3 53. Ne3 Kd4 54. Kd2 Ke5 55. Nf5 Kf4 56. Nxh6 Kf3 57. Nf5 Kf4 58. Ne3 Kg3 59. Kc3 Kxh3 60. Kd4 d2 61. Kxe4 1/2-1/2

[Event "Talca Bobby Fischer CC"]
[Site "Talca"]
[Date "2018.11.26"]
[Round "1.4"]
[White "Bustos Castro, Ricardo"]
[Black "Gonzalez Hernandez, Rodrigo Alons"]
[Result "1-0"]
[WhiteElo "1807"]
[BlackElo "1252"]
[PlyCount "79"]
[EventDate "2018.11.26"]
[EventType "tourn"]
[EventRounds "9"]
[EventCountry "CHI"]
[SourceTitle "EXT 2024"]
[Source "ChessBase"]
[SourceDate "2023.10.10"]
[SourceVersion "1"]
[SourceVersionDate "2023.10.10"]
[SourceQuality "1"]

1. e4 e6 2. d4 d5 3. Nc3 Bb4 4. Qd3 c5 5. a3 Bxc3+ 6. bxc3 c4 7. Qg3 Ne7 8. Qxg7 Rg8 9. Qxh7 Nbc6 10. e5 Bd7 11. Nf3 Qa5 12. Bd2 0-0-0 13. Qh6 Nf5 14. Qf4 Rgf8 15. g4 Nfe7 16. h4 Qb6 17. h5 Qb2 18. Rc1 Qxa3 19. Bg2 b5 20. Ke2 Qa6 21. Ng5 Qb6 22. Nh7 Rg8 23. Nf6 Rgf8 24. Ra1 a5 25. Rhb1 a4 26. Rxa4 Na7 27. Bc1 Nec6 28. Ba3 b4 29. Bxb4 Nxb4 30. Raxb4 Nb5 31. Nxd7 Nxc3+ 32. Kf1 Qxb4 33. Rxb4 Rxd7 34. Qd2 Ne4 35. Bxe4 dxe4 36. c3 Rd5 37. Rxc4+ Kd7 38. Qc2 Ra8 39. Qxe4 Ra1+ 40. Kg2 1-0